000 00493nam a2200181 a 4500
005 20210219152851.0
008 991125n 000 0 spa u
035 _aUPN01000064208
100 _aVELEDA VALLELADO, Manuel J
222 _aESCUELA ESPAÑOLA :
_bREVISTA PROFESIONAL DE EDUCACION
245 _aAnomalias en el deporte
300 _a26
362 _a1989 Año 51, no. 2980, nov. 23
653 0 _aDEPORTE
653 0 _aSALUD FISICA
904 _aAC
_b002019
905 _aArticulo
999 _c62481
_d62481